000 00839nam a2200229Ii 4500
003 JO-AjNU
008 230605s9999||||xx |||||||||||||| ||und||
017 _a2012/9/3645
020 _a978-9957-92-018-0
040 _aJO-AjNU
_bara
_erda
_cJO-AjNU
041 _aara
050 1 4 _aHD30.22.2013
100 3 _aترجمة احد عارف عساف FROEB,LUKE M/BRIAN T .McCANN,
_eauthor
_943235
245 0 0 _aالاقتصاد الاداري:اسلوب حل المشكلات=Managerial Economics:A Problem-solving Approach
250 _aط1
264 3 1 _aعمان:دار الفكر ناشرون وموزعون،2013
300 _a400ص
336 _atext
_btxt
_2rdacontent
337 _aunmediated
_bn
_2rdamedia
338 _avolume
_bnc
_2rdacarrier
650 4 _aالاقتصاد-ادارة-المشاكل الاقتصادية
_943236
999 _aA18573
_c22141
_d22141